000 00422nac a22001451u 4500
008 081204s2000 ii |||||r|||| 00| 0 eng d
020 _a8122412815
082 _a657
_bSAM
_222
100 _aSamuel, George
_933345
245 _aThree dimensional accounting/
_cGeorge Samuel
260 _aNew Delhi :
_bNew Age International,
_c2000
300 _a125p.
650 _aAccounting
_933347
942 _cBB
_k657S1934
_2ddc
999 _c339
_d339